Suomalaiset poliitikot - Kuvavisa #4 - Statistics

Yleistilastot
  • Tätä visaa on pelattu 219 kertaa
  • Keskiarvotulos 7 / 12
Vastaustilastot
Kuvavisa Vastaus % Oikein
Sauli Niinistö
100%
Jussi Halla-aho
93%
Petteri Orpo
87%
Anneli Jäätteenmäki
80%
Riitta Uosukainen
68%
Teuvo Hakkarainen
64%
Kalevi Sorsa
56%
Mari Kiviniemi
51%
Sanni Grahn-Laasonen
51%
Satu Hassi
40%
Carl Haglund
22%
Ulpu Iivari
16%
Ehtoja vastaavia visoja ei löytynyt
Tulosjakauma
Jokaisen tuloksen saaneiden osuus
Persentiili vastausten määrän mukaan
Tuloshistoriasi
Et ole pelannut tätä visaa